01351nam a2200313 a 450000100100000000500170001000800410002702000150006804000250008308200170010810000240012524501980014924600660034726000520041330000280046549000380049350000590053150000420059050400540063265000330068665000290071965000290074865000280077770000400080583000450084504900090089095201210089999900170102000002473520240410201344.0110203s1994 sp a r 000 | spa d a8480270276 aDO-SdBNPbspacBNPHU a615.89bH8111 aHoran, Paula95074913aReiki :bcuración y autocuración por la energía vital, manual para la transformación global y personal /cPaula Horan; traducción Miguel Giménez Sales; ilustración Peter Ehrhardt.14aReikibcuración y autocuración por la energía universal aBarcelona, (España) :bEditorial Ibis,c1994. a193 p. :bil. ;c22 cm.1 aMandragora Medicinas Holísticas aReimpresión de la primera edición de Junio de 1993 aIncluye glosario de terminos: 185-187 aIncluye referencias bibliográficas : p. 189-192 0aMedicina alternativa 937050 4aMedicina oriental950412 4aCuración mental950414 4aEnergía mental9507501 aGiménez Sales, Migueletr.946678 0aMandragora Medicinas Holísticas950751 aBNGR 001054708MOaGRbGRcCTd2011-02-03iLF1l0o615.89 H811p24735-10r2020-06-25w2020-06-25y4ZPréstamo en sala c24228d24228